Vypúšťanie morfémy som v tvaroch minulého času

Bibliographic Details
Main Author: Horecký, Ján, 1920-2006 (Author)
Format: Article
Language:Slovak
Subjects:

MARC

LEADER 00000nab a2200000 a 4500
001 vtls000708348
003 SK-MaSNL
005 20260304105202.0
008 250429c1999 xo 0 slo
015 |a SNBRB2000/01-00503 
035 |a CLN000060515 
035 |a urn:nbn:sk:snk-ab1mv0 
035 |a (urnnbn)urn:nbn:sk:snk:ar-004kto 
035 |a (uuid)982c6cd1-4162-4fdb-ab2e-bd707f77ca00 
040 |a SNKBUCL  |b slo  |c SNKBUCL  |e AACR2 
041 0 |a slo 
044 |a xo  |c SK 
080 |a 801.559.1:808.54-25  |2 1981 
080 |a 808.54-559  |2 1981 
100 1 |a Horecký, Ján,  |d 1920-2006  |4 aut  |9 105131 
245 1 0 |a Vypúšťanie morfémy som v tvaroch minulého času  |c Ján Horecký 
504 |a Bibliogr. odkazy 
650 0 7 |a slovenčina  |2 snkbucl  |9 1350 
650 0 7 |a gramatická kategória času  |2 snkbucl  |9 75997 
650 0 7 |a minulý čas  |2 snkbucl  |9 108626 
650 0 7 |a čas (gramatická kategória)  |2 snkbucl  |9 108340 
773 0 |t Kultúra slova  |g Roč. 33, č. 3 (1999), s. 139-142  |x 0023-5202 
850 |a Slovenská národná knižnica 
852 |a Slovenská národná knižnica 
954 |a odborná, vedecká literatúra pôvodná (slovenská)  |2 lita 
958 |a article27 
958 |a OND 
958 |a NB 
958 |a EUIPO 
999 |c 2854621  |d 2856551